Ultimas horas en Lisca Blanca / (Record no. 110303)

MARC details
000 -LEADER
campo de control de longitud fija 00702nam a2200217 4500
001 - NÚMERO DE CONTROL
campo de control 110303
003 - IDENTIFICADOR DE NÚMERO DE CONTROL
campo de control ES-MaACL
005 - FECHA Y HORA DE LA ÚLTIMA TRANSACCIÓN
campo de control 20240514122718.0
007 - CAMPO FIJO DE DESCRIPCIÓN FÍSICA--INFORMACIÓN GENERAL
campo de control de longitud fija t|
008 - DATOS DE LONGITUD FIJA--INFORMACIÓN GENERAL
campo de control de longitud fija 061121s1979 sp r ||||1| spa d
100 1# - ENTRADA PRINCIPAL--NOMBRE DE PERSONA
Nombre de persona Molina, César Antonio.
9 (RLIN) 81883
245 10 - MENCIÓN DEL TÍTULO
Título Ultimas horas en Lisca Blanca /
Mención de responsabilidad, etc. César Antonio Molina.
260 ## - PUBLICACIÓN, DISTRIBUCIÓN, ETC.
Lugar de publicación, distribución, etc. León :
Nombre del editor, distribuidor, etc. Institución `Fray Bernardino de Sahagún`,
Fecha de publicación, distribución, etc. 1979.
300 ## - DESCRIPCIÓN FÍSICA
Extensión 60 p. ;
Dimensiones 20 cm.
490 1# - MENCIÓN DE SERIE
Mención de serie Provincia. Colección de poesía ;
Designación de volumen o secuencia 46
710 2# - ENTRADA AGREGADA--NOMBRE DE ENTIDAD CORPORATIVA
Nombre de entidad corporativa o nombre de jurisdicción como elemento de entrada Institución "Fray Bernardino de Sahagún"
9 (RLIN) 4722
830 00 - PUNTO DE ACCESO ADICIONAL DE SERIE-TÍTULO UNIFORME
Título uniforme Provincia (León) ;
Designación de volumen o secuencia 46
9 (RLIN) 236377
852 ## - LOCALIZACIÓN
Ubicación ES-MaACL
Número de control de estantería L-5619
Sublocalización o colección R.106150
942 ## - ELEMENTOS DE ENTRADA SECUNDARIOS (KOHA)
Fuente del sistema de clasificación o colocación Clasificación decimal universal
Holdings
Estatus retirado Estado de pérdida Estado de daño No para préstamo Biblioteca de origen Biblioteca actual Ubicación en estantería Fecha de adquisición Fuente de adquisición Total de préstamos Signatura topográfica completa Código de barras Visto por última vez Precio de reemplazo Tipo de ítem Koha
        Biblioteca del Ateneo de Madrid Biblioteca del Ateneo de Madrid Depósito 2 17/01/2008     L-5619 1115079 23/02/2023 23/02/2023 Libro impreso